Die nächsten Länder von Weißrussland - Statistiken

Allgemein
  • Dieses Quiz wurde 89 mal gespielt
  • Das Durchschnittsergebnis liegt bei 19 aus 20
Antwortstatistiken
km Antwort % Korrekt
573 Deutschland
100%
0 Polen
100%
0 Russland
100%
0 Lettland
99%
0 Litauen
99%
0 Ukraine
99%
158 Estland
97%
268 Slowakei
96%
396 Tschechische Republik
96%
414 Finnland
94%
467 Schweden
94%
646 Serbien
93%
333 Moldawien
92%
367 Rumänien
92%
365 Ungarn
92%
711 Kroatien
90%
572 Österreich
90%
741 Slowenien
89%
801 Bosnien und Herzegovina
86%
556 Dänemark
83%
Keine übereinstimmenden Quizze gefunden
Verteilung der Resultate
Anzahl Personen mit jedem Resultat
Perzentil nach korrekt beantworteten Fragen
Ihre Resultats-Entwicklung
Sie haben dieses Quiz noch nicht gespielt